000 01420nam a22003737a 4500
003 CHAP
005 20220329140659.0
008 971013s1977 r 00010 d
010 _a55930
011 _a56902
035 _a61055
040 _cCHAP
090 _aTesis
100 0 0 _aZamora García, Edmundo Javier.
_9123514
245 _aEstudio de la composición botánica y química de la dieta de los bovinos enpastoreo por el método de la fístula esofágica, en un agostadero de matorral desértico micrófilo en el norte del Estado de Coahuila
260 _a(Monterrey, N.L.) :
_bEl autor,
_c1977
300 _a113 h.
_b; gráfs.
502 _aTesis (Ing. Agrónomo Zootecnista) -- ITESM. Div. de Ciencias Agropecuarias y Marítimas
590 _aALEPH
_b10
_c20130110
_lUCH01
_h1333
590 _aBATCH-UPD
_b10
_c20130110
_lUCH01
_h0320
590 _aBATCH-UPD
_b10
_c20130110
_lUCH01
_h1837
590 _aBATCH-UPD
_b10
_c20130409
_lUCH01
_h2353
590 _aBATCH-UPD
_b10
_c20130410
_lUCH01
_h1603
590 _aBATCH-UPD
_b10
_c20130914
_lUCH01
_h1431
590 _aCONVERSION
_b10
_c20130109
_lUCH01
_h1330
650 1 4 _aAlimentos y alimentacion del ganado.
_94326
650 1 4 _aDigestión.
_932567
650 1 4 _aForrajes
_xComposición.
_942563
650 1 4 _aGanado vacuno
_xCoahuila.
_945444
650 1 4 _aPastoreo.
_985984
901 _aBK
942 _cTESIS
949 _bBC
_cTES
_d-131303
_eTS1
_i61055
_si
999 _c55930
_d55930